Návrh riadenia zariadenia pre automatizovanú montáž vnútornej kľučky automobilu

Saved in:
Bibliographic Details
Main Author: Mesíček, Martin (Author)
Other Authors: Ružarovský, Roman (Thesis advisor)
Format: Manuscript Book
Language:Slovak
Published: 2021
Subjects:
Online Access:http://is.stuba.sk/zp/portal_zp.pl?podrobnosti=164430
Tags: Add Tag
No Tags, Be the first to tag this record!

MARC

LEADER 00000ntm a22000003a 4500
001 stuzp84217
003 SK-STU
005 20210612212752.9
007 ta
008 150427s2015----xo-----f-mn---000-0-slo-d
040 |a STU  |b slo 
041 0 |a slo 
100 1 |a Mesíček, Martin  |u 063000  |k Z4  |4 aut  |U MTF Materiálovotechnologická fakulta  |T MTF Ústav výrobných technológií  |X 73515  |U M3000  |Y 83  |7 73515 
242 0 1 |a Design of device control for automated assembly of car interior handle  |y eng 
245 1 0 |a Návrh riadenia zariadenia pre automatizovanú montáž vnútornej kľučky automobilu 
260 |c 2021 
650 4 |a PLC  |2 slo 
650 4 |a automatizácia  |2 slo 
650 4 |a montáž  |2 slo 
650 4 |a automation  |2 eng 
650 4 |a assembly  |2 eng 
650 4 |a PLC  |2 eng 
700 1 |a Ružarovský, Roman  |u 063800  |k Z1  |4 ths  |U MTF Ústav výrobných technológií  |T MTF Katedra výrobných zariadení a systémov  |X 30883  |U M3800  |Y 660  |7 A000030883 
856 4 |u http://is.stuba.sk/zp/portal_zp.pl?podrobnosti=164430 
996 |c M* DP-14716  |l MMSKP  |s P  |a 0  |w stuzp84217_0001